MARC details
| 000 -LEADER |
| campo de control de longitud fija |
01456nam a2200301 i 4500 |
| 001 - NÚMERO DE CONTROL |
| campo de control |
132943 |
| 003 - IDENTIFICADOR DE NÚMERO DE CONTROL |
| campo de control |
ES-MaACL |
| 005 - FECHA Y HORA DE LA ÚLTIMA TRANSACCIÓN |
| campo de control |
20260119105342.0 |
| 007 - CAMPO FIJO DE DESCRIPCIÓN FÍSICA--INFORMACIÓN GENERAL |
| campo de control de longitud fija |
t| |
| 008 - DATOS DE LONGITUD FIJA--INFORMACIÓN GENERAL |
| campo de control de longitud fija |
070214s1902 sp r ||||1| spa d |
| 080 ## - NÚMERO DE LA CLASIFICACIÓN DECIMAL UNIVERSAL |
| Número de la Clasificación Decimal Universal |
159.954.2 |
| 100 1# - ENTRADA PRINCIPAL--NOMBRE DE PERSONA |
| Nombre de persona |
Roso de Luna, Mario, |
| Fechas asociadas al nombre |
1872-1931 |
| Término indicativo de función/relación |
Autor |
| 9 (RLIN) |
99794 |
| 245 10 - MENCIÓN DEL TÍTULO |
| Título |
Preparación al estudio de la fantasía humana : |
| Resto del título |
bajo el doble aspecto de la realidad y del ensueño / |
| Mención de responsabilidad, etc. |
por M. Roso de Luna. |
| 260 ## - PUBLICACIÓN, DISTRIBUCIÓN, ETC. |
| Lugar de publicación, distribución, etc. |
Mahón : |
| Nombre del editor, distribuidor, etc. |
[s.n.], |
| Fecha de publicación, distribución, etc. |
1902 |
| Fabricante |
(Est. tip. de B. Fábregues) |
| 300 ## - DESCRIPCIÓN FÍSICA |
| Extensión |
2 volúmenes (124 ; 136 páginas) ; |
| Dimensiones |
22 cm. |
| 504 ## - NOTA DE BIBLIOGRAFÍA, ETC. |
| Nota de bibliografía, etc. |
Bibliografía: páginas [131]-136 |
| 505 0# - NOTA DE CONTENIDO CON FORMATO |
| Nota de contenido con formato |
Libro I - Libro II |
| 530 ## - NOTA DISPONIBLE DE FORMULARIO FÍSICO ADICIONAL |
| Nota de formato físico adicional disponible |
Libro II disponible en formato digital. |
| 650 #4 - PUNTO DE ACCESO ADICIONAL DE MATERIA--TÉRMINO DE MATERIA |
| Término de materia o nombre geográfico como elemento de entrada |
Fantasía. |
| 9 (RLIN) |
148026 |
| 852 ## - LOCALIZACIÓN |
| Ubicación |
ES-MaACL |
| Ubicación en estantería |
Depósito folletos |
| Número de control de estantería |
T-1016-F-8-9 |
| 852 ## - LOCALIZACIÓN |
| Ubicación |
ES-MaACL |
| Ubicación en estantería |
Depósito 2 |
| Donativo/Legado |
Donativo Roda |
| Número de control de estantería |
L-4907(14-4) |
| 856 4# - LOCALIZACIÓN Y ACCESO ELECTRÓNICOS |
| Identificador Uniforme de Recursos |
<a href="https://bdh-rd.bne.es/viewer.vm?id=0000247118&page=1">https://bdh-rd.bne.es/viewer.vm?id=0000247118&page=1</a> |
| Texto de enlace |
Versión en línea: Libro II |
| Nota pública |
(Biblioteca Digital Hispánica) |
| 856 4# - LOCALIZACIÓN Y ACCESO ELECTRÓNICOS |
| Identificador Uniforme de Recursos |
<a href="http://ciconia.gobex.es/biblioteca/es/consulta/registro.cmd?id=6779">http://ciconia.gobex.es/biblioteca/es/consulta/registro.cmd?id=6779</a> |
| Texto de enlace |
Versión en línea: Libro I |
| Nota pública |
(Ciconia. Biblioteca Digital del Patrimonio Cultural de Extremadura) |
| 856 4# - LOCALIZACIÓN Y ACCESO ELECTRÓNICOS |
| Identificador Uniforme de Recursos |
<a href="http://ciconia.gobex.es/biblioteca/es/consulta/registro.cmd?id=6780">http://ciconia.gobex.es/biblioteca/es/consulta/registro.cmd?id=6780</a> |
| Texto de enlace |
Versión en línea: Libro II |
| Nota pública |
(Ciconia. Biblioteca Digital del Patrimonio Cultural de Extremadura) |
| 942 ## - ELEMENTOS DE ENTRADA SECUNDARIOS (KOHA) |
| Fuente del sistema de clasificación o colocación |
Clasificación decimal universal |
| Tipo de ítem Koha |
Libro impreso |
| Suprimir en OPAC |
No |